Identify the Bond Film from the Picture #001 Posters - Statistics

General Stats
  • This quiz has been taken 25 times
  • The average score is 13 of 16
Answer Stats
Picture Answer % Correct
Spectre
90%
Goldfinger
86%
Moonraker
86%
Octopussy
86%
On Her Majesty’s Secret Service
86%
Skyfall
86%
The Living Daylights
86%
The Man With The Golden Gun
86%
Goldeneye
81%
A View To A Kill
76%
Die Another Day
76%
Dr. No
76%
The World Is Not Enough
76%
Diamonds Are Forever
71%
Licence To Kill
71%
Tomorrow Never Dies
71%
No matching quizzes found
Score Distribution
Percent of People with Each Score
Percentile by Number Answered
Your Score History
You have not taken this quiz